|
|
|
|
| LEADER |
01946nam a22002654a 4500 |
| 001 |
44804 |
| 003 |
BD-DhAAL |
| 008 |
250916t2010 enk 000 0 eng d |
| 010 |
|
|
|a 2010036866
|
| 020 |
|
|
|a 9780241954096
|
| 040 |
|
|
|a DLC
|c DLC
|d DLC
|d BD-DhAAL
|
| 050 |
0 |
0 |
|a PN6271
|b .T35 2010
|
| 082 |
0 |
0 |
|a 818.602
|2 22
|
| 100 |
1 |
|
|a Taleb, Nassim Nicholas,
|d 1960-
|9 36298
|
| 245 |
1 |
4 |
|a The bed of Procrustes :
|b philosophical and practical aphorisms /
|c Nassim Nicholas Taleb.
|
| 260 |
|
|
|a London :
|b Penguin Books,
|c 2011.
|
| 300 |
|
|
|a x, 112 pages ;
|c 21 cm
|
| 505 |
0 |
|
|a Procrustes -- Preludes -- Counter narratives -- Matters ontological -- The sacred and the profane -- Chance, success, happiness, and stoicism -- Charming and less charming sucker problems -- Theseus, or, living the Paleo life -- The republic of letters -- The universal and the particular -- Fooled by randomness -- Aesthetics -- Ethics -- Robustness and fragility -- The ludic fallacy and domain dependence -- Epistemology and subtractive knowledge -- The scandal of prediction -- Being a philosopher and managing to remain one -- Economic life and other very vulgar subjects -- The sage, the weak, and the magnificent -- The implicit and the explicit -- On the varieties of love and nonlove -- The end -- Postface.
|
| 541 |
|
|
|a Donated by Farhana Zahir, Assistant Professor, BRAC Business School, BRAC University
|e 44804
|
| 650 |
|
0 |
|a Aphorisms and apothegms.
|9 48119
|
| 650 |
|
0 |
|a Human behavior
|x Quotations, maxims, etc.
|9 59344
|
| 852 |
|
|
|a Ayesha Abed Library
|c General Stacks
|
| 942 |
|
|
|2 ddc
|c BK
|
| 999 |
|
|
|c 47546
|d 47546
|
| 952 |
|
|
|0 0
|1 0
|2 ddc
|4 0
|6 818_602000000000000_TAL
|7 0
|9 78200
|a BRACUL
|b BRACUL
|c NEW
|d 2025-09-16
|e Donated by Farhana Zahir, Assistant Professor, BRAC Business School, BRAC University
|l 4
|m 8
|o 818.602 TAL
|p 3010044804
|q 2026-06-02
|r 2026-05-20
|s 2026-05-20
|t 1
|w 2025-09-16
|y BK
|x Donated by Farhana Zahir, Assistant Professor, BRAC Business School, BRAC University ; £9.99
|